000 00600nam a2200205Ia 4500
005 20250326144259.0
008 250326s9999 xx 000 0 und d
020 _a0-203-02277-7
037 _aTextbook
040 _aFMSL
_beng
_cFMSL
041 _aeng
_2eng
084 _aX:51 P6;1
_qFMSL
100 _aPatibandla M
_9735305
245 0 _aEvolution of markets and institutions : study of an emerging economy
_cPatibandla M
260 _aLondon
_bLondon, Routledge
_c2006
300 _a345p
365 _b4795.0500000000002
942 _cTB
_hX:51 P6;1
999 _c1303119
_d1303119